000 00774nam a22002657a 4500
008 130619b xxu||||| |||| 00| 0 eng d
020 _a81-239-0628-5
024 _cAvailable
037 _cAvailable
040 _aMBSTU LIBRARY
_dMBSTU LIBRARY
082 _222
_a612.303 SHD
100 _aSharma, J.L.
110 _aSilvano Carelli.
245 _aA Doctionary of food and nutrition.
260 _aNew Delhi
_bCBS Publishers.
_c2004
300 _a22 cm.
_b820 page
_f11
_g22 cm.
600 _2Food and nutrition dictionary.
650 _2Food and nutrition dictionary.
700 _aSharma, J.L.
710 _aSilvano Carelli.
270 _aNew Delhi
_bNew Delhi
_dIndia
365 _b209.00
_d209.00
942 _2ddc
_cBK
999 _c511
_d511